00678cam a22002173a 45000010005000000030006000050050017000110080041000280400015000690420007000840500007000911000017000982450103001152600029002185060030002475160020002776530055002977400039003528300028003918560041004193010PGUSA20140828083024.0020101s2002||||xxu|||||s|||||000 | eng d aPGUSAbeng adc 4aPQ1 aBursey, John14aThe Vicomte de Bragelonne :bThe End and Beginning of an Erah[electronic resource] /cJohn Bursey bProject Gutenberg,c2002 aPublic domain in the USA. aElectronic text aDumas, Alexandre, 1802-1870. Vicomte de Bragelonne0 aProject Gutenberg Dumas Commentary 0aProject Gutenbergv301040uhttp://www.gutenberg.org/ebooks/3010